<?xml version="1.0" encoding="UTF-8"?>
<collection xmlns="http://www.loc.gov/MARC21/slim">
 <record>
  <leader>02076nam a22002657a 4500</leader>
  <controlfield tag="001">NCT_33371</controlfield>
  <controlfield tag="008">180426b        xxu||||| |||| 00| 0 vie d</controlfield>
  <datafield tag="999" ind1=" " ind2=" ">
   <subfield code="c">1608</subfield>
   <subfield code="d">1608</subfield>
  </datafield>
  <datafield tag="020" ind1=" " ind2=" ">
   <subfield code="a">9786046628415</subfield>
   <subfield code="c">59000</subfield>
  </datafield>
  <datafield tag="082" ind1="0" ind2="4">
   <subfield code="2">23rd ed.</subfield>
   <subfield code="a">616.1</subfield>
   <subfield code="b">Tr312</subfield>
  </datafield>
  <datafield tag="100" ind1="1" ind2=" ">
   <subfield code="a">Trần Đỗ Trinh</subfield>
  </datafield>
  <datafield tag="245" ind1="1" ind2="0">
   <subfield code="a">Hướng dẫn đọc điện tim</subfield>
   <subfield code="c">Trần Đỗ Trinh, Trần Văn Đồng</subfield>
  </datafield>
  <datafield tag="250" ind1=" " ind2=" ">
   <subfield code="a">Tái bản lần thứ mười hai có sửa chữa</subfield>
  </datafield>
  <datafield tag="260" ind1=" " ind2=" ">
   <subfield code="a">H.</subfield>
   <subfield code="b">Y học</subfield>
   <subfield code="c">2017</subfield>
  </datafield>
  <datafield tag="300" ind1=" " ind2=" ">
   <subfield code="a">208tr.</subfield>
   <subfield code="b">minh họa</subfield>
   <subfield code="c">19cm</subfield>
  </datafield>
  <datafield tag="520" ind1="3" ind2=" ">
   <subfield code="a">Khoa học về dòng điện tim đã có bao nhiêu tiến triển trong nhiều năm tháng nên cuốn sách luôn được tái bản và bổ sung rất nhiều lần, luôn cập nhật kiến thức mới nhất hiện đại, hoàn chỉnh và những điều thực tế cần biết nhất chủ yếu là các dấu hiệu để cho các bác sĩ chuyên khoa Tim mạch và các chuyên khoa khác có thể đọc được chính xác các điện tim đồ.</subfield>
  </datafield>
  <datafield tag="653" ind1=" " ind2=" ">
   <subfield code="a">Y đa khoa</subfield>
  </datafield>
  <datafield tag="700" ind1="1" ind2=" ">
   <subfield code="a">Trần Văn Đồng</subfield>
  </datafield>
  <datafield tag="942" ind1=" " ind2=" ">
   <subfield code="2">ddc</subfield>
   <subfield code="c">BK</subfield>
  </datafield>
  <datafield tag="952" ind1=" " ind2=" ">
   <subfield code="0">0</subfield>
   <subfield code="1">0</subfield>
   <subfield code="2">ddc</subfield>
   <subfield code="4">0</subfield>
   <subfield code="6">616_100000000000000_TR312</subfield>
   <subfield code="7">0</subfield>
   <subfield code="9">7694</subfield>
   <subfield code="a">000001</subfield>
   <subfield code="b">000001</subfield>
   <subfield code="d">2018-04-26</subfield>
   <subfield code="o">616.1 Tr312</subfield>
   <subfield code="p">MD.11881</subfield>
   <subfield code="r">2018-04-26</subfield>
   <subfield code="v">59000.00</subfield>
   <subfield code="w">2018-04-26</subfield>
   <subfield code="y">BK</subfield>
  </datafield>
  <datafield tag="952" ind1=" " ind2=" ">
   <subfield code="0">0</subfield>
   <subfield code="1">0</subfield>
   <subfield code="2">ddc</subfield>
   <subfield code="4">0</subfield>
   <subfield code="6">616_100000000000000_TR312</subfield>
   <subfield code="7">0</subfield>
   <subfield code="9">7695</subfield>
   <subfield code="a">000001</subfield>
   <subfield code="b">000001</subfield>
   <subfield code="d">2018-04-26</subfield>
   <subfield code="l">2</subfield>
   <subfield code="m">1</subfield>
   <subfield code="o">616.1 Tr312</subfield>
   <subfield code="p">MD.11882</subfield>
   <subfield code="r">2021-01-30</subfield>
   <subfield code="s">2021-01-15</subfield>
   <subfield code="v">59000.00</subfield>
   <subfield code="w">2018-04-26</subfield>
   <subfield code="y">BK</subfield>
  </datafield>
  <datafield tag="952" ind1=" " ind2=" ">
   <subfield code="0">0</subfield>
   <subfield code="1">0</subfield>
   <subfield code="2">ddc</subfield>
   <subfield code="4">0</subfield>
   <subfield code="6">616_100000000000000_TR312</subfield>
   <subfield code="7">0</subfield>
   <subfield code="9">7696</subfield>
   <subfield code="a">000001</subfield>
   <subfield code="b">000001</subfield>
   <subfield code="d">2018-04-26</subfield>
   <subfield code="l">1</subfield>
   <subfield code="o">616.1 Tr312</subfield>
   <subfield code="p">MD.11883</subfield>
   <subfield code="r">2020-06-02</subfield>
   <subfield code="s">2020-05-22</subfield>
   <subfield code="v">59000.00</subfield>
   <subfield code="w">2018-04-26</subfield>
   <subfield code="y">BK</subfield>
  </datafield>
  <datafield tag="952" ind1=" " ind2=" ">
   <subfield code="0">0</subfield>
   <subfield code="1">0</subfield>
   <subfield code="2">ddc</subfield>
   <subfield code="4">0</subfield>
   <subfield code="6">616_100000000000000_TR312</subfield>
   <subfield code="7">0</subfield>
   <subfield code="9">7697</subfield>
   <subfield code="a">000001</subfield>
   <subfield code="b">000001</subfield>
   <subfield code="d">2018-04-26</subfield>
   <subfield code="l">1</subfield>
   <subfield code="o">616.1 Tr312</subfield>
   <subfield code="p">MD.11884</subfield>
   <subfield code="r">2020-06-30</subfield>
   <subfield code="s">2020-05-22</subfield>
   <subfield code="v">59000.00</subfield>
   <subfield code="w">2018-04-26</subfield>
   <subfield code="y">BK</subfield>
  </datafield>
  <datafield tag="952" ind1=" " ind2=" ">
   <subfield code="0">0</subfield>
   <subfield code="1">0</subfield>
   <subfield code="2">ddc</subfield>
   <subfield code="4">0</subfield>
   <subfield code="6">616_100000000000000_TR312</subfield>
   <subfield code="7">0</subfield>
   <subfield code="9">7698</subfield>
   <subfield code="a">000001</subfield>
   <subfield code="b">000001</subfield>
   <subfield code="d">2018-04-26</subfield>
   <subfield code="o">616.1 Tr312</subfield>
   <subfield code="p">MD.11885</subfield>
   <subfield code="r">2018-04-26</subfield>
   <subfield code="v">59000.00</subfield>
   <subfield code="w">2018-04-26</subfield>
   <subfield code="y">BK</subfield>
  </datafield>
  <datafield tag="980" ind1=" " ind2=" ">
   <subfield code="a">Thư viện Trường Đại học Nam Cần Thơ</subfield>
  </datafield>
 </record>
</collection>
